Does That Animal Live in Africa? Quiz Stats

 Plays Quiz Updated Sep 11, 2014

Support Sporcle.
Go Orange.
Score 0/20 Timer 05:00
2 Plays Today
% Correct
Elephant
92.6%
Zebra
92.5%
Lion
92.3%
Hippopotamus
91.2%
Rhinoceros
91.2%
Cheetah
90.2%
Wildebeest
85.1%
Meerkat
82.8%
Warthog
80.4%
Leopard
80.1%
% Correct
Chimpanzee
79.7%
Lemur
72.5%
Jackal
70.4%
Okapi
68.5%
Mandrill
60%
Gemsbok
58.3%
Bongo
53.2%
Honey Badger
52.5%
Chameleon
43.3%
Donkey
32.9%

From the Vault

Short but Stout

by pdigoe

Sports 4m
Short athletes are still pretty tall, if you ask us.
Remove Ads.
Support Sporcle.
Get the best of Sporcle when you Go Orange. This ad-free experience offers more features, more stats, and more fun while also helping to support Sporcle. Thank you for becoming a member.

Show Comments

Extras

Top Quizzes Today


Score Distribution

Your Account Isn't Verified!

In order to create a playlist on Sporcle, you need to verify the email address you used during registration. Go to your Sporcle Settings to finish the process.

Report this User

Report this user for behavior that violates our Community Guidelines.

Details: